| 000 | 01098nam a2200229Ia 4500 | ||
|---|---|---|---|
| 999 |
_c36606 _d36606 |
||
| 001 | 2526 | ||
| 003 | GE_BSU | ||
| 005 | 20230831154411.0 | ||
| 008 | 181216s1996||||ge |||||||||||||| ||geo|| | ||
| 040 | _cGE_BSU | ||
| 041 | _ageo | ||
| 080 | _a811.111(038)+811.353.1(038) ი–54 | ||
| 245 |
_aინგლისურ-ქართული ლექსიკონი = English-Georgian dictionary. რვეული 2 : _bB / _c[სარედ. კოლ.: არიანე ჭანტურია (მთ. რედ.) და სხვ. ; შემდგ.: დ. სირია, თ. მარგალიტაძე, თ. ჯაში]. |
||
| 264 |
_aთბილისი, _c1996. |
||
| 300 |
_a181 გვ.. _b28 სმ |
||
| 541 | _h12ლ. | ||
| 653 | _aინგლისურ–ქართული ლექსიკონი | ||
| 700 |
_aჭანტურია, არიანე _eრედაქტორი _95156 |
||
| 700 |
_aსირია, დ. _eშემდგენელი _919734 |
||
| 710 |
_aთბილისის უნ-ტი. _919735 |
||
| 942 |
_cBK _2udc |
||